| 000 | 008810000a22002650004500 | ||
|---|---|---|---|
| 041 | 0 | _aEspañol | |
| 090 |
_aMM _b00020 |
||
| 110 | 1 |
_aAlcaldía Mayor de Bogotá _dDepartamento Administrativo del Medio Ambiente _sDAMA _9100811 |
|
| 245 | 1 | 0 | _aHumedales río Bogotá |
| 300 |
_a50 min. _bVHS |
||
| 500 | _a<Programa Jungla de Asfalto> | ||
| 650 | 1 | 4 |
_aContaminación del agua _993620 |
| 650 | 1 | 4 |
_aVertimentos industriales _9100817 |
| 650 | 1 | 4 |
_aPlantas de tratamiento de aguas residuales _9100818 |
| 650 | 1 | 4 |
_aManejo de aguas _97647 |
| 650 | 1 | 4 |
_aHumedales _992440 |
| 650 | 1 | 4 |
_aEducación ambiental _9162 |
| 650 | 1 | 4 |
_aConservación de ecosistemas _9100819 |
| 650 | 1 | 4 |
_aAves acuáticas _993167 |
| 650 | 1 | 4 |
_aAves migratorias _992790 |
| 651 | 4 |
_lSabana de Bogotá _dCundinamarca _pColombia _992749 |
|
| 041 | 0 | _aEspañol | |
| 260 |
_aBogotá _bDAMA _c1994 |
||
| 942 | _cCD-ROM | ||
| 999 |
_c16430 _d16430 |
||